| 000 | 01030nam a2200313 i 4500 | ||
|---|---|---|---|
| 003 | CO-BoRNBP | ||
| 005 | 20241004111545.0 | ||
| 007 | ta | ||
| 008 | 920421t1989 ck a b 000 0dspa d | ||
| 020 |
_a9589488250 _qObra |
||
| 020 |
_a9589488277 _qLibro 2 |
||
| 020 |
_a9589488277 _qLibro 2 |
||
| 040 |
_aCO-BoUNC _bspa _erda _cCO-BoUNC |
||
| 082 | 0 | 4 |
_a372.416 _bP425p _221 |
| 245 | 0 | 0 |
_aPequeños aprendices : _bGrandes comprensiones / _cDirección general de la obra Rosario Jaramillo Franco. |
| 250 | _a1a. edición | ||
| 264 | 1 |
_aBogotá _bMinisterio de Educación Nacional _c1997 |
|
| 264 | 4 | _c©1997 | |
| 300 |
_a150 páginas : _bilustraciones a color ; _c33 cm. |
||
| 336 |
_atexto _btxt _2rdacontent |
||
| 337 |
_asin mediación _bn _2rdamedia |
||
| 338 |
_avolumen _bnc _2rdacarrier |
||
| 505 | 0 |
_gLibro 1 _tLas ideas |
|
| 505 | 0 |
_gLas imágenes _tLibro 2 |
|
| 650 | 1 | 7 |
_aMétodos de enseñanza _2LEMB _94790 |
| 650 | 1 | 7 |
_aComprensión _2LEMB _93590 |
| 650 | 1 | 7 |
_aPensamiento científico _2LEMB _942795 |
| 942 |
_2ddc _cBKINF |
||
| 999 |
_c38409 _d38409 |
||